Le secret du Fayoum
محفوظ في:
المؤلف الرئيسي:
التنسيق: كتاب
اللغة: Undetermined
منشور في:
Paris
Éd. SdE
2004
الوسوم: إضافة وسم
لا توجد وسوم, كن أول من يضع وسما على هذه التسجيلة!
رقم الطلب:
| LEADER | 00322nam a2200121Ia 4500 | ||
|---|---|---|---|
| 008 | 240503s9999||||xx |||||||||||||| ||und|| | ||
| 020 | |a 9782748017915 | ||
| 100 | 1 | |a Sylvie Barbaroux-Dron | |
| 245 | 1 | 0 | |a Le secret du Fayoum |
| 264 | 1 | |a Paris |b Éd. SdE |c 2004 | |
| 300 | |a 422 |b illustrations en coul |c 21 | ||
| 942 | |2 lcc |c BK | ||
| 999 | |c 58351 |d 58351 | ||
